[Event "Let's Play Chess!"]
[Site "http://www.queenalice.com/game.php?id=192412"]
[Date "2007.4.5"]
[Round "-"]
[White "colognestar"]
[Black "joconanpau"]
[Result "1-0"]
[WhiteElo "2102"]
[BlackElo "1500"]

1. d4 Nc6 2. d5 Na5 3. e4 Nf6 4. e5 Nxd5 5. Qxd5 Nc6 6. Nf3 e6 7. Qd1 d6 8. Bb5
h5 9. Nc3 dxe5 10. Qxd8+ Kxd8 11. Bxc6 bxc6 12. Nxe5 Bd6 13. Nxf7+ Ke8 14. Nxh8
e5 15. Ng6 Bf5 16. Nh4 Bxc2 17. O-O Bd3 18. Re1 Be7 19. Nf3 Rd8 20. Rxe5 Bc4 21.
Bg5 Bf7 22. Rxe7+ Kf8 23. Rxf7+ Kxf7 24. Bxd8 Ke8 25. Bg5 Kf7 26. Re1 1-0

[Event "Challenge"]
[Site "http://www.queenalice.com/game.php?id=193181"]
[Date "2007.4.7"]
[Round "-"]
[White "joconanpau"]
[Black "marcao"]
[Result "0-1"]
[WhiteElo "1312"]
[BlackElo "1620"]

1. e4 e5 2. Nf3 Nc6 3. Nc3 a6 4. d3 Bb4 5. a3 Bc5 6. Bg5 f6 7. Bh4 Nh6 8. Nd5 g5
9. Bg3 Ng4 10. h3 Nh6 11. Ne3 Nd4 12. c3 Nxf3+ 13. gxf3 Bxe3 14. fxe3 d6 15.
Qa4+ Bd7 16. Qa5 b6 17. Qb4 a5 18. Qc4 a4 19. d4 b5 20. Qd5 Ra6 21. c4 c6 22.
Qxb5 cxb5 23. cxb5 Qa5+ 24. b4 Qc7 25. bxa6 Qc3+ 26. Ke2 Qxa1 27. h4 Qb2+ 28.
Ke1 O-O 29. f4 Rc8 30. Bc4+ Rxc4 31. Kf1 Rc1+ 0-1

[Event "Challenge"]
[Site "http://www.queenalice.com/game.php?id=195532"]
[Date "2007.4.12"]
[Round "-"]
[White "ALMOVE"]
[Black "joconanpau"]
[Result "1-0"]
[WhiteElo "1628"]
[BlackElo "1500"]

1. Nf3 e6 2. Nc3 Bc5 3. d4 Bf8 4. e3 Nf6 5. Be2 Nc6 6. O-O d5 7. Nb5 Ng4 8. b3
Be7 9. c4 Bh4 10. Nxh4 Qxh4 11. Bxg4 Ne7 12. Qf3 Ng6 13. Bh5 Ne7 14. Qxf7+ Kd8
15. Bf3 Re8 16. Qxg7 Nf5 17. Qe5 Rf8 18. e4 Ne7 19. Qxc7+ Ke8 20. Nd6# 1-0

[Event "Challenge"]
[Site "http://www.queenalice.com/game.php?id=196140"]
[Date "2007.4.13"]
[Round "-"]
[White "farofa38"]
[Black "joconanpau"]
[Result "1-0"]
[WhiteElo "1546"]
[BlackElo "1409"]

1. g4 e6 2. e4 Nf6 3. Qf3 Nc6 4. g5 Nd4 5. Qc3 Nb5 6. Bxb5 Nxe4 7. Qf3 Nxg5 8.
Qf4 Bd6 9. Qd4 Qf6 10. Qc4 Qf4 11. Qc3 Qe4+ 12. Kf1 Qxh1 13. Qxg7 Qd5 14. Qxh8+
Bf8 15. c4 Qd3+ 16. Ne2 Qh3+ 17. Ke1 Nf3+ 18. Kd1 Qxh2 19. Nbc3 Qxf2 20. Nd4 c6
21. Ne4 Qf1+ 22. Kc2 Nxd4+ 23. Qxd4 cxb5 24. Nf6+ Ke7 25. Ng8+ Ke8 26. c5 Qf5+
27. d3 Bxc5 28. Qh4 Bf2 29. Qe7# 1-0

[Event "Challenge"]
[Site "http://www.queenalice.com/game.php?id=196859"]
[Date "2007.4.14"]
[Round "-"]
[White "joconanpau"]
[Black "EL_CHICO"]
[Result "0-1"]
[WhiteElo "1409"]
[BlackElo "1906"]

1. Nc3 d5 2. e3 Nf6 3. Bb5+ c6 4. Nf3 cxb5 5. Nxb5 Bg4 6. h3 Bd7 7. Nfd4 e5 8.
Qe2 exd4 9. exd4+ Be7 10. b3 O-O 11. Ba3 Bxa3 12. Nxa3 Re8 13. Nb5 Bxb5 14. c4
dxc4 15. bxc4 Bxc4 16. Rc1 Bxe2 17. Rc2 Qxd4 18. g4 Qa1+ 19. Rc1 Qxc1# 0-1

[Event "Challenge"]
[Site "http://www.queenalice.com/game.php?id=202436"]
[Date "2007.4.26"]
[Round "-"]
[White "MichelTA"]
[Black "joconanpau"]
[Result "1-0"]
[WhiteElo "1385"]
[BlackElo "1351"]

1. Nc3 Nc6 2. Nf3 Nf6 3. d4 e6 4. Bf4 d5 5. Nb5 Nh5 6. Bxc7 Qe7 7. Nd6+ Kd7 8.
Nxc8 Kxc8 9. Bg3 Qb4+ 10. c3 Qxb2 11. Rb1 Qxc3+ 12. Nd2 Nxd4 13. e3 Nf5 14. Rc1
Qxc1 15. Qxc1+ Kd8 16. Qc7+ Ke8 17. Qxb7 Rd8 18. Qxa7 d4 19. Qa4+ Ke7 20. Bc7
dxe3 21. fxe3 Nxe3 22. Bd3 Rxd3 23. Ke2 Rc3 24. Qb4+ Rc5 25. Qxc5+ 1-0

[Event "Challenge"]
[Site "http://www.queenalice.com/game.php?id=206782"]
[Date "2007.5.6"]
[Round "-"]
[White "joconanpau"]
[Black "EL_CHICO"]
[Result "0-1"]
[WhiteElo "1434"]
[BlackElo "1933"]

1. Nc3 e5 2. Ne4 d5 3. Nc5 Bxc5 4. e3 Nf6 5. Bb5+ Bd7 6. Qe2 c6 7. Ba4 e4 8. Bb3
Bg4 9. f3 Bh5 10. a4 O-O 11. d3 Bd4 12. exd4 Re8 13. Bg5 exf3 14. gxf3 Rxe2+ 15.
Nxe2 h6 16. Bh4 g5 17. Bg3 Qe7 18. h4 Bxf3 19. Rf1 Qxe2# 0-1

[Event "Let's Play Chess!"]
[Site "http://www.queenalice.com/game.php?id=207348"]
[Date "2007.5.7"]
[Round "-"]
[White "CampbellMarcel"]
[Black "joconanpau"]
[Result "1-0"]
[WhiteElo "1409"]
[BlackElo "1434"]

1. Nc3 e6 2. d4 Nc6 3. d5 exd5 4. Nxd5 f6 5. Bf4 Bd6 6. e4 Ne5 7. Qh5+ g6 8. Qd1
g5 9. Qh5+ Nf7 10. Bxd6 cxd6 11. Bc4 b6 12. Ne3 Ke7 13. Qxf7# 1-0

[Event "Let's Play Chess!"]
[Site "http://www.queenalice.com/game.php?id=207350"]
[Date "2007.5.7"]
[Round "-"]
[White "joconanpau"]
[Black "CampbellMarcel"]
[Result "0-1"]
[WhiteElo "1387"]
[BlackElo "1499"]

1. e3 e5 2. Nf3 e4 3. Nd4 c5 4. Nb5 a6 5. N5c3 d5 6. Na4 b5 7. Nac3 d4 8. exd4
cxd4 9. Nxe4 Bb7 10. Bd3 Nf6 11. c3 Bxe4 12. Be2 d3 13. Bxd3 Bxd3 14. Na3 Bxa3
15. bxa3 Qe7+ 16. Qe2 Qxe2# 0-1

[Event "Let's Play Chess!"]
[Site "http://www.queenalice.com/game.php?id=209771"]
[Date "2007.5.12"]
[Round "-"]
[White "joconanpau"]
[Black "decastella"]
[Result "0-1"]
[WhiteElo "1358"]
[BlackElo "1485"]

1. Nc3 c5 2. Nf3 Nf6 3. e4 Nc6 4. e5 Ng4 5. h3 Ngxe5 6. d3 d6 7. Bf4 Ng6 8. Be3
e5 9. Ng5 Be7 10. Nd5 Bxg5 11. Bxg5 f6 12. Be3 Be6 13. Nc3 Qa5 14. a3 Rd8 15. b4
cxb4 16. Na2 b3+ 17. Nc3 Qxc3+ 18. Bd2 Qd4 19. cxb3 Bxb3 20. Qxb3 Qxa1+ 21. Ke2
Nd4+ 22. Ke3 Nxb3 23. Bb4 a5 24. f4 exf4+ 25. Ke4 axb4 26. axb4 O-O 27. Kd5 Qd4+
28. Ke6 Qe5# 0-1

[Event "Let's Play Chess!"]
[Site "http://www.queenalice.com/game.php?id=211391"]
[Date "2007.5.15"]
[Round "-"]
[White "colognestar"]
[Black "joconanpau"]
[Result "1-0"]
[WhiteElo "2103"]
[BlackElo "1358"]

1. b3 b6 2. Bb2 Nf6 3. e3 g6 4. Nf3 Ne4 5. Bxh8 Ba6 6. Bxa6 Bh6 7. Bb7 Nc6 8.
Bxa8 Qxa8 9. d3 Nd6 10. Bb2 Qc8 11. Nbd2 Qa6 12. O-O f5 13. Re1 f4 14. exf4 Bxf4
15. Ne4 Qa5 16. g3 Nxe4 17. Rxe4 Bh6 18. Qe2 1-0

[Event "Challenge"]
[Site "http://www.queenalice.com/game.php?id=214084"]
[Date "2007.5.21"]
[Round "-"]
[White "alexnu"]
[Black "joconanpau"]
[Result "1-0"]
[WhiteElo "1596"]
[BlackElo "1432"]

1. g4 Nf6 2. g5 Ne4 3. h4 e6 4. Bg2 f5 5. d4 h6 6. Bxe4 fxe4 7. Nc3 Nc6 8. Nxe4
Bb4+ 9. c3 Ba5 10. Nf3 e5 11. d5 Ne7 12. gxh6 gxh6 13. Nxe5 d6 14. Nd3 Nxd5 15.
Bf4 b6 16. e3 Qd7 17. Qh5+ Kf8 18. Bxh6+ Kg8 19. Rg1+ Kh7 20. Bf8# 1-0

[Event "AUTO-INT-474"]
[Site "http://www.queenalice.com/game.php?id=217412"]
[Date "2007.5.28"]
[Round "1"]
[White "joconanpau"]
[Black "Milton"]
[Result "0-1"]
[WhiteElo "1405"]
[BlackElo "1559"]

1. e3 e5 2. b3 Nc6 3. Ba3 Bxa3 4. Nxa3 d6 5. Nf3 Bf5 6. Bd3 Bxd3 7. cxd3 Nf6 8.
d4 e4 9. Ng5 O-O 10. f3 exf3 11. Qxf3 d5 12. Rf1 h6 13. Nh3 Qd6 14. Nb5 Qxh2 15.
Nxc7 Rad8 16. Rc1 g5 17. a4 g4 18. Qxf6 gxh3 19. gxh3 Nb4 0-1

[Event "AUTO-INT-474"]
[Site "http://www.queenalice.com/game.php?id=217413"]
[Date "2007.5.28"]
[Round "1"]
[White "Milton"]
[Black "joconanpau"]
[Result "1-0"]
[WhiteElo "1569"]
[BlackElo "1391"]

1. e4 e6 2. d4 g6 3. e5 Bh6 4. Nc3 Nf6 5. exf6 Bf8 6. Ne4 Bb4+ 7. c3 Ba5 8. Bh6
b6 9. Qf3 Bb7 10. Nh3 d5 11. Neg5 Nc6 12. Nxe6 Qd6 13. Nhg5 b5 14. Nc5 Bb6 15.
Qe3+ Ne7 16. Nxb7 Qd7 17. a4 bxa4 18. fxe7 Rb8 19. Nc5 Qf5 20. Bb5+ 1-0

[Event "Let's Play Chess!"]
[Site "http://www.queenalice.com/game.php?id=218535"]
[Date "2007.5.31"]
[Round "-"]
[White "joconanpau"]
[Black "Abstro"]
[Result "0-1"]
[WhiteElo "1417"]
[BlackElo "1638"]

1. e3 e5 2. b3 a6 3. Ba3 Bxa3 4. Nxa3 d5 5. g3 Nf6 6. Bg2 O-O 7. Nf3 Bg4 8. c4
e4 9. Rc1 c6 10. Ne5 Bxd1 0-1